[Event "Vaujany 2023 Principal"]
[Site "?"]
[Date "2023.07.13"]
[Round "1.1"]
[White "Bourg, Nicolas"]
[Black "Hamdouchi, Hicham"]
[Result "0-1"]
[WhiteElo "2040"]
[BlackElo "2521"]
[PlyCount "92"]
[SourceVersionDate "2023.07.13"]

{[%evp 0,92,19,31,72,53,56,52,14,19,67,27,11,2,23,30,25,16,24,34,28,28,38,35,25,4,6,-10,-21,-20,-27,-55,-48,-58,-49,-76,-71,-70,-77,-82,-107,-126,-106,-126,-117,-168,-145,-164,-131,-171,-166,-199,-173,-180,-186,-187,-191,-191,-202,-221,-243,-239,-149,-276,-227,-228,-148,-164,-167,-172,-184,-205,-179,-273,-221,-301,-251,-311,-332,-320,-330,-348,-340,-689,-760,-760,-751,-937,-1045,-29987,-29988,-29989,-29990,-29995,-29994]} 1. e4 c5 2. Nf3 Nc6 3. d4 cxd4 4. Nxd4 Qb6 5. Nxc6 dxc6 6. Bc4 Nf6 7. Nc3 e5 8. O-O Be7 9. a3 O-O 10. Be3 Qc7 11. h3 b5 12. Bd3 a5 13. f4 exf4 14. Bxf4 Bd6 15. Bg5 Be5 16. Kh1 Be6 17. Qe2 Rfe8 18. Rae1 Nd7 19. Qh5 f6 20. Bd2 Nc5 21. Be3 Qe7 22. Rf3 Bf7 23. Qh4 Red8 24. Bxc5 Qxc5 25. Nd1 Bg6 26. Qg4 Re8 27. Ref1 Bc7 28. Qh4 Qe5 29. Rf4 Rad8 30. a4 Bf7 31. g3 bxa4 32. Ne3 Qh5 33. Qxh5 Bxh5 34. Rh4 Bg6 35. Rg4 Rb8 36. Ra1 Rb4 37. Nf5 Kf8 38. Ra3 Rd8 39. Ne3 Rxb2 40. Rxa4 Bh5 41. Rh4 Bf3+ 42. Kg1 Bb6 43. Kf2 Rxd3 44. Rxh7 Rxe3 45. Rh8+ Kf7 46. Rb8 Rxc2+ 0-1

[Event "Vaujany 2023 Principal"]
[Site "Vaujany"]
[Date "2023.07.13"]
[Round "1.2"]
[White "Degraeve, Remy"]
[Black "Dordevic, Tom"]
[Result "1-0"]
[WhiteElo "2467"]
[BlackElo "2040"]
[PlyCount "121"]
[EventDate "2023.07.13"]
[EventType "swiss"]
[EventRounds "9"]
[EventCountry "FRA"]
[SourceVersionDate "2023.07.13"]

1. e4 c5 2. Nf3 d6 3. d4 cxd4 4. Nxd4 Nf6 5. Nc3 a6 6. Rg1 e5 7. Nb3 h5 8. h3 Be6 9. Be3 d5 10. exd5 Nxd5 11. Nxd5 Qxd5 12. Qxd5 Bxd5 13. O-O-O Bc6 14. Na5 Be7 15. Bc4 O-O 16. Bd5 Rc8 17. Nxb7 Bxd5 18. Rxd5 Nc6 19. c3 Rab8 20. Rd7 Bf8 21. Rgd1 e4 22. Bf4 Ra8 23. Bd6 a5 24. Bxf8 Rxf8 25. R1d5 Rae8 26. Rc7 Ne5 27. Nc5 f5 28. Kc2 Kh7 29. b3 Rf6 30. Kd2 Rg6 31. g3 h4 32. gxh4 Nf3+ 33. Ke3 Nxh4 34. a4 f4+ 35. Ke2 e3 36. Rh5+ Rh6 37. Rxh6+ Kxh6 38. Rc6+ Kh5 39. Ne6 exf2 40. Kxf2 Rb8 41. Nxf4+ Kg5 42. Ne6+ Kf6 43. Nd4+ Ke5 44. Rc5+ Ke4 45. Rxa5 Kd3 46. Rc5 Ng6 47. b4 Nf4 48. Kg3 Rf8 49. a5 g6 50. b5 Nh5+ 51. Rxh5 gxh5 52. b6 Rg8+ 53. Kf4 Kxc3 54. Nc6 Kc4 55. b7 Kb5 56. b8=Q+ Rxb8 57. Nxb8 Kxa5 58. Kg5 Kb6 59. Kxh5 Kc7 60. Kg6 Kxb8 61. h4 1-0

[Event "Vaujany 2023 Principal"]
[Site "Vaujany"]
[Date "2023.07.13"]
[Round "1.3"]
[White "Prost, Frederic"]
[Black "Degraeve, Jean Marc"]
[Result "0-1"]
[WhiteElo "2031"]
[BlackElo "2466"]
[Annotator "famil"]
[PlyCount "66"]
[EventDate "2023.07.13"]
[EventType "swiss"]
[EventRounds "9"]
[EventCountry "FRA"]
[SourceVersionDate "2023.07.13"]

{[%evp 0,66,27,13,80,66,61,45,29,24,42,63,38,41,52,5,1,8,4,-15,-15,-49,-5,-37,-19,-41,-46,-46,-56,-56,-64,-69,-81,-87,-90,-90,-100,-264,-255,-255,-257,-257,-257,-253,-257,-265,-266,-261,-261,-261,-247,-255,-272,-286,-288,-321,-324,-399,-404,-409,-416,-448,-448,-480,-489,-490,-493,-504,-494]} 1. e4 Nf6 2. e5 Nd5 3. Nf3 d6 4. d4 dxe5 5. Nxe5 c6 6. Bd3 Nd7 7. O-O Nxe5 8. dxe5 g6 9. a3 Bg7 10. c4 Nc7 11. Nc3 Bxe5 12. Bh6 Bf5 13. Bxf5 Qxd1 14. Raxd1 gxf5 15. Rd3 Rd8 16. Rf3 e6 17. Re1 f6 18. Rxf5 exf5 19. f4 Kf7 20. fxe5 Rhe8 21. Rf1 Kg6 22. Be3 fxe5 23. Bxa7 Rd2 24. Rf2 Rxf2 25. Kxf2 Ne6 26. Ke3 Rd8 27. g3 e4 28. g4 Rd3+ 29. Ke2 Nf4+ 30. Ke1 Rh3 31. gxf5+ Kxf5 32. Nd1 Rxh2 33. Ne3+ Ke6 0-1

[Event "Vaujany 2023 Principal"]
[Site "?"]
[Date "2023.07.13"]
[Round "1.4"]
[White "Horvath, Jozsef"]
[Black "Sloan, Jed"]
[Result "1-0"]
[WhiteElo "2432"]
[BlackElo "2028"]
[PlyCount "112"]
[SourceVersionDate "2023.07.13"]

1. c4 e5 2. g3 Nc6 3. Bg2 g6 4. Nc3 d6 5. d3 Bg7 6. e4 Nge7 7. Nge2 O-O 8. O-O Be6 9. Nd5 Qd7 10. Bg5 f6 11. Be3 f5 12. Qd2 Rae8 13. Rac1 b6 14. b4 Nd8 15. Bg5 Nc8 16. b5 Bxd5 17. exd5 Nb7 18. Be3 Rf7 19. d4 Ref8 20. f4 e4 21. a4 Rd8 22. Rfd1 Bf8 23. Nc3 Na5 24. Qe2 Re8 25. Na2 Qd8 26. Rc2 Ne7 27. Bd2 Nb7 28. Nb4 Na5 29. Ra2 Bg7 30. Nc2 Nb7 31. Qe1 Qd7 32. a5 Rff8 33. Bc3 Rb8 34. Bf1 Rfd8 35. a6 Na5 36. Bxa5 bxa5 37. Rxa5 Re8 38. Ra3 Kh8 39. Kh1 h6 40. Ne3 Kh7 41. Ra2 Rf8 42. Rc2 Rfc8 43. Be2 h5 44. c5 Qd8 45. Qa5 Qd7 46. Qb4 Qd8 47. Kg2 Qd7 48. Qb3 Qd8 49. Nc4 Qg8 50. Na5 Qf7 51. Nb7 Qf6 52. h4 Qf7 53. cxd6 cxd6 54. Nxd6 Qxd5 55. Qxd5 Nxd5 56. Rxc8 Ne3+ 1-0

[Event "Vaujany 2023 Principal"]
[Site "Vaujany"]
[Date "2023.07.13"]
[Round "1.5"]
[White "Rey, Christophe"]
[Black "Gusain, Himal"]
[Result "0-1"]
[WhiteElo "2015"]
[BlackElo "2399"]
[Annotator "ASUS"]
[PlyCount "64"]
[EventDate "2023.07.13"]
[EventType "swiss"]
[EventRounds "9"]
[EventCountry "FRA"]
[SourceVersionDate "2023.07.13"]

{[%evp 0,64,28,28,21,-3,4,4,40,45,83,19,52,57,52,47,27,41,90,64,73,-13,-30,-30,-30,-45,-21,-116,-100,-104,-94,-90,-79,-80,-59,-46,-60,-55,27,-1,-34,39,29,-4,-7,-99,-101,-165,-103,-154,-148,-240,-198,-245,-239,-220,-181,-335,-232,-270,-206,-253,-251,-244,-212,-324,-325]} 1. d4 d5 2. c4 e6 3. Nf3 c6 4. e3 f5 5. Ne5 Nh6 6. Nc3 Nd7 7. f4 Nxe5 8. fxe5 Qh4+ 9. g3 Qd8 10. e4 dxe4 11. Bxh6 gxh6 12. Qh5+ Kd7 13. h4 Qe8 14. Qe2 Kc7 15. g4 Bb4 16. O-O-O Bxc3 17. bxc3 Qe7 18. Kb2 b5 19. cxb5 Rb8 20. Qe3 cxb5 21. gxf5 exf5 22. d5 Qxe5 23. Qxa7+ Rb7 24. d6+ Qxd6 25. Qa5+ Qb6 26. Qb4 Kb8 27. Bh3 Re8 28. Rhe1 Re5 29. Rd4 Qc5 30. Rg1 Qxb4+ 31. cxb4 Rc7 32. Rg8 e3 0-1

[Event "Vaujany 2023 Principal"]
[Site "Vaujany"]
[Date "2023.07.13"]
[Round "1.6"]
[White "Neelotpal, Das"]
[Black "Frelau, Matthias"]
[Result "1-0"]
[WhiteElo "2362"]
[BlackElo "1979"]
[PlyCount "91"]
[EventDate "2023.07.13"]
[EventType "swiss"]
[EventRounds "9"]
[EventCountry "FRA"]
[SourceVersionDate "2023.07.13"]

1. d4 Nf6 2. Nf3 g6 3. g3 Bg7 4. Bg2 c5 5. d5 d6 6. c4 b5 7. cxb5 a6 8. bxa6 O-O 9. O-O Nxa6 10. Nc3 Nb4 11. a3 Bf5 12. Ne1 Qd7 13. Bg5 Na6 14. e4 Bg4 15. f3 Bh3 16. Qe2 Bxg2 17. Nxg2 Rfb8 18. Rad1 Rb3 19. Bc1 Nc7 20. Qc2 Rab8 21. Ne3 Qh3 22. Nc4 Nh5 23. e5 Bxe5 24. Nxe5 dxe5 25. Ne4 Na6 26. d6 exd6 27. Rxd6 R3b6 28. Qc4 Nxg3 29. Rxb6 Nxf1 30. Rxb8+ Nxb8 31. Qxf7+ Kxf7 32. Ng5+ Kf6 33. Nxh3 Nxh2 34. Kxh2 Nc6 35. Ng5 Nd4 36. Kg2 c4 37. Bd2 Nb3 38. Be3 h5 39. Ne4+ Ke7 40. Nd2 Nc1 41. Nxc4 Nd3 42. b4 Kd7 43. b5 Kc7 44. a4 Ne1+ 45. Kf2 Nd3+ 46. Ke2 1-0

[Event "Vaujany 2023 Principal"]
[Site "?"]
[Date "2023.07.13"]
[Round "1.7"]
[White "Stoll, Thomas"]
[Black "Anwesh, Upadhyaya"]
[Result "0-1"]
[WhiteElo "1978"]
[BlackElo "2356"]
[PlyCount "88"]
[SourceVersionDate "2023.07.13"]

1. e4 c6 2. d4 g6 3. Nc3 d5 4. e5 Bg7 5. f4 h5 6. Nf3 Nh6 7. Be3 Bg4 8. h3 Bxf3 9. Qxf3 Nf5 10. Bf2 h4 11. Bd3 e6 12. O-O Bf8 13. Ne2 Nd7 14. b3 Ba3 15. Rab1 a5 16. c4 Qb6 17. Rfd1 Kf8 18. Bc2 Qa6 19. Nc3 Rc8 20. Bd3 Qb6 21. Bf1 Kg7 22. cxd5 cxd5 23. Nb5 Be7 24. Rbc1 Rxc1 25. Rxc1 Nb8 26. Bd3 Nc6 27. Bxf5 Qxb5 28. Bb1 Ba3 29. Rd1 Qb6 30. f5 gxf5 31. Bxh4 Nxe5 32. Qf2 Ng6 33. Bg5 Bd6 34. Rf1 Rh5 35. Be3 Bb8 36. g4 Rxh3 37. gxf5 Rg3+ 38. Kh1 exf5 39. Qxf5 Qc7 40. Qf6+ Kg8 41. Rf2 Rh3+ 42. Kg1 Rxe3 43. Bxg6 Re1+ 44. Kg2 Qg3# 0-1

[Event "Vaujany 2023 Principal"]
[Site "Vaujany"]
[Date "2023.07.13"]
[Round "1.8"]
[White "Olivier, Jean Christophe"]
[Black "Rebut, Paul"]
[Result "1/2-1/2"]
[WhiteElo "2304"]
[BlackElo "1973"]
[Annotator "famil"]
[PlyCount "108"]
[EventDate "2023.07.13"]
[EventType "swiss"]
[EventRounds "9"]
[EventCountry "FRA"]
[SourceVersionDate "2023.07.13"]

{[%evp 0,108,25,16,38,52,68,65,56,43,62,49,57,80,84,74,88,48,50,33,69,98,98,85,97,61,92,122,174,216,210,111,96,70,168,91,130,123,163,120,189,209,203,207,207,199,207,219,250,213,190,196,184,166,201,178,170,184,206,201,209,206,201,196,188,203,188,122,189,140,146,145,112,112,112,140,137,139,235,170,174,0,0,0,0,0,0,0,0,0,50,49,48,19,0,0,0,0,38,36,36,0,0,-46,-45,0,0,-88,-90,-102,-108]} 1. e4 d5 2. exd5 Qxd5 3. Nc3 Qa5 4. d4 Nf6 5. Nf3 Bf5 6. Ne5 c6 7. Nc4 Qc7 8. Bg5 Nbd7 9. Qd2 Nd5 10. Nxd5 cxd5 11. Ne3 Be6 12. c4 Nf6 13. cxd5 Nxd5 14. Bb5+ Kd8 15. O-O Qb6 16. a4 f6 17. Bh4 Nxe3 18. fxe3 Bd7 19. Rac1 e6 20. Rxf6 gxf6 21. Bxf6+ Be7 22. Bxh8 Bxb5 23. axb5 Qxb5 24. Be5 Rc8 25. Rxc8+ Kxc8 26. Qc2+ Kd7 27. h3 a5 28. Qc7+ Ke8 29. Qc8+ Kf7 30. Qc2 Ke8 31. Qc8+ Kf7 32. Qc2 Ke8 33. e4 a4 34. Kh2 Qd7 35. Qd3 b5 36. d5 exd5 37. exd5 Bd6 38. Qg3 Bf8 39. d6 Qe6 40. Qf4 Kd7 41. Kh1 Bxd6 42. Bxd6 Qxd6 43. Qf5+ Kc6 44. Qxh7 Qf4 45. Qc2+ Qc4 46. Qd1 Kc5 47. Kh2 Qf4+ 48. Kh1 Qe4 49. Qc1+ Qc4 50. Qd1 Kb4 51. g4 Qe4+ 52. Kg1 Qe5 53. Qd2+ Kb3 54. Kg2 Qxb2 1/2-1/2

[Event "Vaujany 2023 Principal"]
[Site "?"]
[Date "2023.07.13"]
[Round "1.9"]
[White "Stoll, Lucia"]
[Black "Stillger, Bernhard"]
[Result "0-1"]
[WhiteElo "1968"]
[BlackElo "2299"]
[PlyCount "114"]
[SourceVersionDate "2023.07.13"]

1. e4 c6 2. d4 d5 3. e5 Bf5 4. h4 Qc7 5. Ne2 h6 6. Ng3 Bd7 7. h5 c5 8. c3 Nc6 9. Be3 e6 10. a3 f6 11. exf6 Nxf6 12. Bd3 O-O-O 13. Ne2 e5 14. b4 c4 15. Bg6 Ng4 16. Qd2 Bd6 17. dxe5 Bxe5 18. Bf4 Rhf8 19. g3 Bxf4 20. Nxf4 Nce5 21. Kf1 Nxg6 22. hxg6 Bf5 23. Qd4 Be4 24. Rh5 Rxf4 25. gxf4 Qxf4 26. Nd2 Nh2+ 27. Rxh2 Qxh2 28. Nxe4 Qh1+ 29. Ke2 Qxa1 30. Qc5+ Kb8 31. Qe7 Qb2+ 32. Ke3 Qc1+ 33. Ke2 Qc2+ 34. Nd2 Qd3+ 35. Kd1 Rc8 36. Qd6+ Ka8 37. Qd7 Rg8 38. Qf7 Rb8 39. Qxg7 d4 40. Qxd4 Qxd4 41. cxd4 Rg8 42. Nxc4 Rxg6 43. Ke2 h5 44. Ne5 Rd6 45. Nf3 Ra6 46. d5 Rd6 47. Ne5 Rxd5 48. f4 Kb8 49. Kf3 Kc7 50. Ke4 Rd1 51. Kf5 Rg1 52. Nf3 Rg3 53. Ke4 Kd7 54. f5 Ke7 55. Kf4 Rxf3+ 56. Kxf3 Kf6 57. Kf4 b5 0-1

[Event "Vaujany 2023 Principal"]
[Site "Vaujany"]
[Date "2023.07.13"]
[Round "1.10"]
[White "Estremera Panos, Sergio"]
[Black "Godry, Adelin"]
[Result "1-0"]
[WhiteElo "2275"]
[BlackElo "1967"]
[PlyCount "93"]
[EventDate "2023.07.13"]
[EventType "swiss"]
[EventRounds "9"]
[EventCountry "FRA"]
[SourceVersionDate "2023.07.13"]

1. d4 Nf6 2. c4 e6 3. Nc3 Bb4 4. e3 O-O 5. Bd3 d5 6. Nf3 c5 7. cxd5 exd5 8. dxc5 Nc6 9. O-O Bxc5 10. h3 Be6 11. b3 Rc8 12. Bb2 Qe7 13. Ne2 Ne4 14. Ned4 Rfd8 15. Qe2 Bd6 16. Rac1 Nxd4 17. Nxd4 Qh4 18. Nxe6 fxe6 19. Bxe4 Qxe4 20. Rxc8 Rxc8 21. Qb5 Rc7 22. Qe8+ Bf8 23. Ba3 Rf7 24. Qb8 Qc2 25. Bxf8 Rxf8 26. Qxa7 h6 27. Qb6 Rf6 28. a4 Rg6 29. Qxb7 Qe4 30. g3 Kh7 31. Qb5 Qf3 32. Qd3 e5 33. Kh2 d4 34. Qd1 Qe4 35. exd4 exd4 36. Re1 Qb7 37. Qd3 Qf7 38. Qxd4 Qxb3 39. Qe4 Qb6 40. Kg2 Kg8 41. Qd5+ Kh7 42. Re8 Rf6 43. Qe4+ Rg6 44. h4 Qc6 45. a5 h5 46. Qxc6 Rxc6 47. Re4 1-0

[Event "Vaujany 2023 Principal"]
[Site "?"]
[Date "2023.07.13"]
[Round "1.12"]
[White "Buzas, Bertalan"]
[Black "Pavee, Louis"]
[Result "1/2-1/2"]
[WhiteElo "2260"]
[BlackElo "1956"]
[PlyCount "139"]
[SourceVersionDate "2023.07.13"]

1. d4 e6 2. Nf3 f5 3. g3 b6 4. Bg2 Bb7 5. O-O Nf6 6. c4 Bd6 7. Nc3 O-O 8. Qc2 Bb4 9. a3 Bxc3 10. Qxc3 Be4 11. Rd1 Qe7 12. Ne1 Bxg2 13. Nxg2 Ne4 14. Qc2 Nc6 15. f3 Nf6 16. d5 Ne5 17. Be3 d6 18. Bf2 Ng6 19. b4 Rae8 20. Rd2 e5 21. Qxf5 Nxd5 22. Qd3 Nf6 23. e4 Nd7 24. Rf1 Rf7 25. Be3 Ngf8 26. Re2 Ne6 27. f4 c5 28. f5 Nd4 29. Ref2 Nf6 30. Bg5 Qb7 31. Bxf6 gxf6 32. Ne3 Rg7 33. Rg2 Kf7 34. g4 Reg8 35. h3 Qa6 36. Kh1 Qa4 37. Rb1 h5 38. gxh5 Rxg2 39. Nxg2 Qc2 40. Qxc2 Nxc2 41. bxc5 dxc5 42. a4 Rh8 43. Rb2 Nd4 44. h4 Rxh5 45. Kh2 Rh7 46. a5 bxa5 47. Rb7+ Kg8 48. Rb8+ Kg7 49. Ra8 Kh6 50. Ne3 Rb7 51. Ng4+ Kg7 52. h5 Rb2+ 53. Kh3 Rb3+ 54. Kg2 Rb2+ 55. Kf1 Rb1+ 56. Kf2 Rb2+ 57. Ke1 Rb7 58. h6+ Kh7 59. Nxf6+ Kxh6 60. Rg8 Rg7 61. Ng4+ Kh7 62. Rxg7+ Kxg7 63. Nxe5 a4 64. Kd2 a3 65. Kc1 Ne2+ 66. Kc2 Ng3 67. f6+ Kxf6 68. Nd7+ Ke6 69. Nxc5+ Kd6 70. Nd3 1/2-1/2

[Event "Vaujany 2023 Principal"]
[Site "?"]
[Date "2023.07.13"]
[Round "1.15"]
[White "Juhasz, Judit"]
[Black "Midy, Robin"]
[Result "0-1"]
[WhiteElo "1935"]
[BlackElo "2211"]
[PlyCount "120"]
[SourceVersionDate "2023.07.13"]

1. e4 g6 2. d4 Bg7 3. Nc3 a6 4. f4 d5 5. e5 Nh6 6. Bd3 Nc6 7. Nf3 Nb4 8. O-O Nxd3 9. Qxd3 Bf5 10. Qe2 Qd7 11. a4 Qc6 12. h3 Rd8 13. Be3 Bc8 14. g4 Ng8 15. Qd3 h5 16. f5 hxg4 17. hxg4 gxf5 18. gxf5 Qc4 19. Qxc4 dxc4 20. Nd2 Rh5 21. Nce4 Rxf5 22. Nxc4 Nh6 23. Ng3 Rxf1+ 24. Rxf1 Ng4 25. Nh5 Bf8 26. Bf4 Rxd4 27. b3 Be6 28. Nd2 Kd8 29. Nf3 Rd5 30. Ng5 Kd7 31. Nh7 Bh6 32. Bxh6 Nxh6 33. Nf8+ Kc6 34. Nxe6 fxe6 35. Re1 Nf7 36. Nf4 Rxe5 37. Rd1 Nd6 38. Kg2 Rg5+ 39. Kf3 e5 40. Ne2 e6 41. Ng3 Rg7 42. c3 Rf7+ 43. Ke2 Rf4 44. Rd3 Nf5 45. Nh5 Rh4 46. Nf6 Rh2+ 47. Kf3 Nd6 48. Re3 Nf7 49. Kg3 Rb2 50. b4 Rc2 51. Rd3 Nd6 52. Ng4 e4 53. Ne5+ Kb6 54. Nd7+ Ka7 55. Rd1 Rxc3+ 56. Kf4 e3 57. Nc5 e2 58. Re1 Rc4+ 59. Kf3 Rxb4 60. Rxe2 Kb6 0-1

[Event "Vaujany 2023 Principal"]
[Site "?"]
[Date "2023.07.13"]
[Round "1.16"]
[White "Szabolcsi, Janos"]
[Black "Feher, Botond"]
[Result "1/2-1/2"]
[WhiteElo "2191"]
[BlackElo "1931"]
[PlyCount "86"]
[SourceVersionDate "2023.07.13"]

1. d4 Nf6 2. c4 g6 3. Nc3 Bg7 4. e4 d6 5. Nf3 O-O 6. Be2 c5 7. O-O cxd4 8. Nxd4 Nc6 9. Be3 Bd7 10. f4 Nxd4 11. Bxd4 Bc6 12. Bf3 Nd7 13. Bxg7 Kxg7 14. Qe2 a5 15. Rad1 Qb6+ 16. Kh1 Rfc8 17. Bg4 Rd8 18. e5 Nc5 19. exd6 Rxd6 20. Rxd6 exd6 21. f5 Re8 22. Qd2 Qd8 23. f6+ Kg8 24. h3 Re5 25. Qh6 Qf8 26. Qd2 Qd8 27. Qh6 Qf8 28. Qd2 h5 29. Bd1 Ne4 30. Nxe4 Bxe4 31. Bc2 Bxc2 32. Qxc2 Kh7 33. Qb3 Qc8 34. c5 d5 35. Qc3 d4 36. Qxd4 Qxc5 37. Qd8 Rf5 38. Rxf5 Qxf5 39. Qe7 Qf1+ 40. Kh2 Qf4+ 41. Kg1 Qd4+ 42. Kh1 Qd1+ 43. Kh2 Qd5 1/2-1/2

[Event "Vaujany 2023 Principal"]
[Site "Vaujany"]
[Date "2023.07.13"]
[Round "1.20"]
[White "Calzetta Ruiz, Monica"]
[Black "Acikgoz, Tuncay"]
[Result "1-0"]
[WhiteElo "2164"]
[BlackElo "1878"]
[Annotator "MCR"]
[PlyCount "45"]
[EventDate "2023.07.13"]
[EventType "swiss"]
[EventRounds "9"]
[EventCountry "FRA"]
[SourceVersionDate "2023.07.13"]

1. e4 e5 2. Nf3 Nc6 3. Bb5 Nge7 4. Nc3 g6 5. d4 exd4 6. Nd5 Nxd5 7. exd5 Qe7+ 8. Be2 Nb4 9. O-O Bg7 10. Nxd4 Qc5 11. c3 Bxd4 (11... Nxd5 12. Bf3 Ne7 13. Re1 O-O 14. Nb3) 12. cxd4 Qb6 13. Re1 O-O 14. Bh6 Rd8 15. Bf3 d6 16. a3 Na6 17. Qd2 Bf5 18. g4 Bd7 19. Re7 Qb3 20. Qf4 f5 21. Rae1 Re8 22. R1e3 Qb5 23. Qg5 1-0

[Event "Vaujany 2023 Principal"]
[Site "Vaujany"]
[Date "2023.07.14"]
[Round "2.1"]
[White "Hamdouchi, Hicham"]
[Black "Vidal, Llewellyn"]
[Result "1/2-1/2"]
[WhiteElo "2521"]
[BlackElo "2224"]
[PlyCount "100"]
[EventDate "2023.07.13"]
[EventType "swiss"]
[EventRounds "9"]
[EventCountry "FRA"]
[SourceVersionDate "2023.07.13"]

{[%evp 0,100,19,21,72,49,51,25,35,50,50,43,58,26,39,36,37,12,19,25,39,7,58,37,33,15,20,20,-13,10,66,7,77,69,75,68,64,52,43,48,58,50,89,82,77,103,112,53,35,30,87,100,103,71,71,77,85,84,93,84,61,74,79,78,87,87,106,104,105,78,99,60,71,19,33,17,15,13,0,0,0,0,51,34,51,0,17,23,24,21,13,0,3,0,0,-1,0,0,0,0,0,-2,-2]} 1. e4 c5 2. Nc3 Nc6 3. Bb5 Nd4 4. Nf3 a6 5. Bd3 g6 6. Nxd4 cxd4 7. Ne2 Bg7 8. c3 dxc3 9. dxc3 d5 10. Qb3 dxe4 11. Bxe4 Qc7 12. Be3 Nf6 13. Bb6 Qe5 14. Bf3 g5 15. h3 h5 16. Rd1 O-O 17. Bd4 Qa5 18. Bxf6 Bxf6 19. O-O g4 20. hxg4 Bxg4 21. Bxg4 hxg4 22. Rd5 b5 23. Nf4 Qa4 24. Nh5 Kh7 25. Nxf6+ exf6 26. Rh5+ Kg6 27. Qxa4 bxa4 28. Ra5 Rab8 29. Rxa4 Rxb2 30. Rxg4+ Kf5 31. Ra4 Rd8 32. Rxa6 Rdd2 33. a4 Rdc2 34. a5 Ra2 35. Re1 Rxc3 36. Re3 Rc1+ 37. Kh2 Rxf2 38. Rb6 Rcc2 39. Rg3 Ra2 40. a6 Rf4 41. Kh3 Rf1 42. Rb5+ Ke6 43. Re3+ Kd6 44. Rb6+ Kd5 45. Rd3+ Ke5 46. Rdb3 f5 47. Rb2 Rxb2 48. Rxb2 Ra1 49. Rb6 Kf4 50. Kh2 Kg4 1/2-1/2

[Event "Vaujany 2023 Principal"]
[Site "Vaujany"]
[Date "2023.07.14"]
[Round "2.2"]
[White "Midy, Robin"]
[Black "Degraeve, Remy"]
[Result "1/2-1/2"]
[WhiteElo "2211"]
[BlackElo "2467"]
[PlyCount "169"]
[EventDate "2023.07.13"]
[EventType "swiss"]
[EventRounds "9"]
[EventCountry "FRA"]
[SourceVersionDate "2023.07.13"]

1. e4 c5 2. Nc3 Nc6 3. Nf3 e5 4. Bc4 Be7 5. d3 d6 6. O-O Nf6 7. Ng5 O-O 8. f4 Bg4 9. Qe1 exf4 10. Bxf4 Nd4 11. Qf2 Be6 12. Nxe6 fxe6 13. Qd2 d5 14. Bb3 b5 15. exd5 exd5 16. Be5 Nxb3 17. axb3 Qd7 18. d4 c4 19. bxc4 dxc4 20. Qe2 Qc6 21. Qf3 Qxf3 22. Rxf3 a6 23. Rd1 Rad8 24. Ra1 b4 25. Ne2 Ra8 26. Nf4 Rfc8 27. Rd1 Nd7 28. Nd5 Bf8 29. Bg3 a5 30. b3 a4 31. bxa4 Rxa4 32. Rdf1 Ra2 33. Be1 c3 34. Rxf8+ Rxf8 35. Rxf8+ Nxf8 36. Nxb4 Ra3 37. Nd5 Ne6 38. Bxc3 Ra4 39. Kf2 Kf7 40. Ke3 h5 41. Kd3 g5 42. g3 g4 43. Nb6 Ra6 44. Nc4 Ng5 45. Ne5+ Ke6 46. Ng6 Kd7 47. Nf4 Rh6 48. Bd2 Nf3 49. h4 gxh3 50. Nxh3 Nxd2 51. Kxd2 Ke6 52. Ke3 Kf5 53. Kf3 Rc6 54. Nf2 Rc3+ 55. Kg2 Rxc2 56. Kf3 Rc3+ 57. Kg2 Re3 58. Kh3 Re2 59. Nd3 Re3 60. Nf4 Kg5 61. Ng2 Ra3 62. d5 Ra1 63. Nf4 Rh1+ 64. Kg2 Rd1 65. Kh3 Kf5 66. Kh4 Rh1+ 67. Nh3 Ke5 68. d6 Kxd6 69. g4 hxg4 70. Kxg4 Ke5 71. Kg3 Ra1 72. Kg4 Ra4+ 73. Kg3 Kf5 74. Nf2 Ra3+ 75. Kg2 Kf4 76. Nh3+ Kg4 77. Nf2+ Kh4 78. Nd1 Kg5 79. Nf2 Kf4 80. Nh3+ Ke4 81. Ng5+ Ke5 82. Nh3 Rb3 83. Nf2 Kf4 84. Nh3+ Ke3 85. Kg3 1/2-1/2

[Event "Vaujany 2023 Principal"]
[Site "Vaujany"]
[Date "2023.07.14"]
[Round "2.3"]
[White "Degraeve, Jean-Marc"]
[Black "Trabet, Mathis"]
[Result "1-0"]
[WhiteElo "2466"]
[BlackElo "2187"]
[PlyCount "67"]
[EventDate "2023.07.13"]
[EventType "swiss"]
[EventRounds "9"]
[EventCountry "FRA"]
[SourceVersionDate "2023.07.13"]

{[%evp 0,67,32,32,50,37,50,10,28,-5,11,2,22,29,36,25,50,46,28,22,15,5,15,27,53,62,36,41,81,81,89,84,93,84,91,86,81,115,93,149,152,116,92,94,151,183,150,259,234,234,259,259,249,228,209,217,224,219,232,222,200,213,263,196,195,197,265,260,336,313]} 1. e4 c5 2. Nf3 e6 3. c3 d5 4. e5 d4 5. Bd3 Bd7 6. Na3 Bc6 7. Nc2 dxc3 8. dxc3 Ne7 9. Bf4 Ng6 10. Bg3 Nd7 11. Qe2 Qc7 12. Be4 Be7 13. h4 h6 14. Na3 O-O-O 15. O-O-O Nb6 16. h5 Rxd1+ 17. Rxd1 Nf8 18. Bxc6 Qxc6 19. Nb5 Kb8 20. Nd6 Bxd6 21. exd6 Nfd7 22. Ne5 Nxe5 23. Qxe5 f6 24. Qxe6 Qd7 25. Re1 Kc8 26. Qxd7+ Nxd7 27. Re7 Rg8 28. Kd2 b6 29. Kd3 g6 30. hxg6 Rxg6 31. Kc4 Rg5 32. Kb5 h5 33. Rh7 f5 34. Kc6 1-0

[Event "Vaujany 2023 Principal"]
[Site "Vaujany"]
[Date "2023.07.14"]
[Round "2.4"]
[White "Pourquet, Matthieu"]
[Black "Horvath, Jozsef"]
[Result "0-1"]
[WhiteElo "2172"]
[BlackElo "2432"]
[Annotator "famil"]
[PlyCount "98"]
[EventDate "2023.07.13"]
[EventType "swiss"]
[EventRounds "9"]
[EventCountry "FRA"]
[SourceVersionDate "2023.07.13"]

1. d4 e6 2. e4 b6 3. Nf3 Bb7 4. Bd3 c5 5. dxc5 Bxc5 6. O-O Ne7 7. Nbd2 Ng6 8. Nb3 Be7 9. a4 Nc6 10. a5 Nxa5 11. Nxa5 bxa5 12. Nd4 Ne5 13. Nb3 Nc6 14. Be3 O-O 15. Qd2 d5 16. Rfd1 d4 17. Bf4 e5 18. Bg3 Qb6 19. Qe2 f6 20. h4 Kh8 21. h5 Bb4 22. Bc4 Rac8 23. Nc1 Bd6 24. Nb3 Bb4 25. Nc1 Rc7 26. Kh2 Bd6 27. Nb3 Bb4 28. f3 Ne7 29. Bd3 (29. Be1 Rxc4 30. Qxc4 Ba6 $19) 29... Bc6 30. f4 a4 31. Nd2 Bxd2 32. Qxd2 f5 33. fxe5 fxe4 34. Bc4 Nf5 35. Rf1 Bd7 36. Bd5 e3 37. Qd3 Rcc8 38. Qe4 Qh6 39. Qg4 Be6 40. Be4 Nxg3 41. Qxg3 Qxh5+ 42. Kg1 Bf5 43. Qf4 g5 44. Qxf5 Rxf5 45. Rxf5 Qh4 46. Bd3 g4 47. Rf4 Qg3 48. Rf5 Re8 49. Raf1 e2 0-1